Mathematical modeling.

Gespeichert in:
Bibliographische Detailangaben
1. Verfasser: Meerschaert, Mark M. (VerfasserIn)
Format: Unbekannt
Veröffentlicht: Amsterdam, The Netherlands: Elsevier Academic Press, 2007.
Ausgabe:Third Edition.
Schlagworte:
Tags: Tag hinzufügen
Keine Tags, Fügen Sie den ersten Tag hinzu!

MARC

LEADER 00000 a2200000 4500
003 CL-VaPUC
005 20250508150614.0
008 250508t2007 ||||| |||| 00| 0 eng d
999 |c 449207  |d 449205 
020 |a 978-0123708571 
040 |c Pontificia Universidad Católica de Valparaíso 
082 7 |2 22  |a 511.8 MEE 2007 
100 |a Meerschaert, Mark M.  |9 591983  |e author 
245 |a Mathematical modeling. 
250 |a Third Edition.  
260 |a Amsterdam, The Netherlands:  |b Elsevier Academic Press,  |c 2007. 
300 |a xii, 335 páginas. 
583 |k GC  |c 20250508 
650 0 |a Modelos matemáticos   |9 259437 
942 |n 1  |2 ddc  |c BK  |m 1 
952 |0 0  |1 0  |2 ddc  |4 0  |6 511_800000000000000_MEE_2007  |7 0  |8 A  |9 602927  |a BIBING  |b BIBING  |d 2025-05-08  |e 1  |g 37956.00  |i 5667457  |o 511.8 MEE 2007  |p 5667457  |r 2025-05-08  |t 1  |v 37956.00  |w 2025-05-08  |y BK  |k EII